[Event "Foment Martinenc op-C 19st"]
[Site "Barcelona"]
[Date "2017.05.13"]
[Round "4.33"]
[White "Padin Juy, Jose"]
[Black "Gordillo Bretones, Jose Luis"]
[Result "0-1"]
[WhiteElo "1580"]
[BlackElo "1700"]
[PlyCount "124"]
[EventDate "2017.04.22"]
[EventType "swiss"]
[EventRounds "9"]
[EventCountry "ESP"]
[SourceTitle "EXT 2024"]
[Source "ChessBase"]
[SourceDate "2023.10.10"]
[SourceVersion "1"]
[SourceVersionDate "2023.10.10"]
[SourceQuality "1"]

1. d4 Nf6 2. Nc3 d5 3. Bf4 a6 4. Nf3 e6 5. e3 Bd6 6. Bg3 c5 7. Bd3 c4 8. Be2 Bxg3 9. hxg3 Nbd7 10. Qd2 b5 11. 0-0-0 Nb6 12. Ne5 Bb7 13. Bh5 g6 14. Bf3 b4 15. Ne2 Qd6 16. Rh4 Nfd7 17. Ng4 f5 18. Nh6 a5 19. g4 Qe7 20. g3 0-0-0 21. gxf5 exf5 22. Rf4 Rhf8 23. Bg2 Kb8 24. Rh4 Nf6 25. Qe1 Qg7 26. Nf4 Rd6 27. f3 g5 28. Rh2 gxf4 29. Nxf5 Qc7 30. e4 dxe4 31. fxe4 Re6 32. e5 Bxg2 33. Rxg2 Nfd5 34. gxf4 Rxf5 35. Qe4 Rxf4 36. Qe2 Qe7 37. Qe1 h5 38. Rg3 Rg4 39. Rh3 Nf4 40. Re3 Nbd5 41. Re4 Qg5 42. Kb1 h4 43. Qf1 h3 44. Qxc4 Kb7 45. Qb5+ Nb6 46. d5 Rg1 47. Ree1 Rxe1 48. Rxe1 Nfxd5 49. Qd3 h2 50. c4 bxc3 51. bxc3 Qg1 52. Qh7+ Re7 53. Qe4 Ka7 54. Kb2 Qc5 55. Qc2 Nxc3 56. a3 Nba4+ 57. Kc1 Qe3+ 58. Rxe3 h1Q+ 59. Kd2 Qg2+ 60. Kc1 Qf1+ 61. Kd2 Rd7+ 62. Rd3 Qe2+ 0-1

[Event "Foment Martinenc op-C 19st"]
[Site "Barcelona"]
[Date "2017.04.22"]
[Round "1.28"]
[White "Alegre Monmany, Eric"]
[Black "Padin Juy, Jose"]
[Result "1-0"]
[WhiteElo "1729"]
[BlackElo "1580"]
[PlyCount "59"]
[EventDate "2017.04.22"]
[EventType "swiss"]
[EventRounds "9"]
[EventCountry "ESP"]
[SourceTitle "EXT 2024"]
[Source "ChessBase"]
[SourceDate "2023.10.10"]
[SourceVersion "1"]
[SourceVersionDate "2023.10.10"]
[SourceQuality "1"]

1. e4 e5 2. Nf3 Nc6 3. Bc4 Bc5 4. 0-0 Nf6 5. Nc3 d6 6. d3 h6 7. h3 0-0 8. a3 Na5 9. Ba2 c6 10. b4 Bd4 11. Nxd4 exd4 12. Ne2 d5 13. exd5 cxd5 14. bxa5 b6 15. axb6 axb6 16. Nxd4 Qd6 17. Nf3 Ra5 18. c4 d4 19. Bb2 Rf5 20. Nxd4 Rg5 21. Kh1 Bb7 22. Nf3 Nh5 23. Nxg5 hxg5 24. Qxh5 f6 25. c5+ Bd5 26. cxd6 Bxa2 27. Rxa2 Rd8 28. Bxf6 gxf6 29. Re1 Rxd6 30. Re7 1-0

[Event "Foment Martinenc op-C 16th"]
[Site "Barcelona"]
[Date "2014.06.21"]
[Round "9"]
[White "Orts Gonzalez, Rafael"]
[Black "Padin Juy, Jose"]
[Result "1-0"]
[WhiteElo "1700"]
[BlackElo "1707"]
[PlyCount "91"]
[EventDate "2014.04.26"]
[EventType "swiss"]
[EventRounds "9"]
[EventCountry "ESP"]
[SourceTitle "EXT 2015"]
[Source "ChessBase"]
[SourceDate "2014.11.20"]
[SourceVersion "1"]
[SourceVersionDate "2014.11.20"]
[SourceQuality "1"]

1. d4 e6 2. b3 Bb4+ 3. c3 Ba5 4. b4 Bb6 5. Bb2 Nf6 6. g3 Ng4 7. Nh3 d5 8. e4 dxe4 9. Qxg4 Qf6 10. Qg5 Qf3 11. Rg1 Bd7 12. Be2 Qf6 13. Qxf6 gxf6 14. Nd2 Bc6 15. 0-0-0 Nd7 16. Nc4 0-0-0 17. Rgf1 f5 18. Ng5 Rhf8 19. Bh5 Nf6 20. Bxf7 h6 21. Bxe6+ Kb8 22. Nxb6 hxg5 23. Nc4 Rh8 24. Bxf5 Rxh2 25. Ne5 Bb5 26. c4 Ba4 27. Rd2 Ne8 28. d5 Nd6 29. Be6 Re8 30. c5 Bb5 31. Rfd1 Nc4 32. Nd7+ Ka8 33. Rd4 Rxf2 34. Ba1 Na3 35. R1d2 Rf1+ 36. Rd1 Rf3 37. Rxe4 Rxg3 38. d6 c6 39. Bf6 g4 40. Nb6+ axb6 41. d7 Rf8 42. d8Q+ Rxd8 43. Rxd8+ Ka7 44. cxb6+ Kxb6 45. Bd4+ Ka6 46. Ra8# 1-0

[Event "Foment Martinenc op-C 16th"]
[Site "Barcelona"]
[Date "2014.05.24"]
[Round "5"]
[White "Padin Juy, Jose"]
[Black "Ferrer Ache, Jesus"]
[Result "0-1"]
[WhiteElo "1707"]
[BlackElo "1700"]
[PlyCount "82"]
[EventDate "2014.04.26"]
[EventType "swiss"]
[EventRounds "9"]
[EventCountry "ESP"]
[SourceTitle "EXT 2015"]
[Source "ChessBase"]
[SourceDate "2014.11.20"]
[SourceVersion "1"]
[SourceVersionDate "2014.11.20"]
[SourceQuality "1"]

1. e4 e5 2. Nf3 Nc6 3. Bc4 d6 4. Nc3 Bg4 5. d3 h6 6. Be3 g5 7. d4 Bg7 8. d5 Nb8 9. h3 Bd7 10. Qe2 Nf6 11. 0-0-0 a6 12. g4 b5 13. Bd3 b4 14. Bd2 bxc3 15. Bxc3 Qc8 16. b3 Ke7 17. Bb4 Qb7 18. Ba5 c5 19. h4 Bxg4 20. Bc4 Nbd7 21. Qe3 Nh5 22. Rhg1 Bxf3 23. Qxf3 Nf4 24. hxg5 Nb6 25. Qc3 Nxc4 26. Qxc4 Qb5 27. Qc3 Ne2+ 28. Kb2 Nxc3 29. Bxc3 a5 30. Kc1 hxg5 31. Rxg5 Bh6 32. Bd2 Bxg5 33. Bxg5+ f6 34. Be3 Rhg8 35. f4 exf4 36. Bxf4 a4 37. e5 fxe5 38. Be3 axb3 39. cxb3 Rxa2 40. Bd2 Qxb3 41. Be1 Qc2# 0-1